000
00310nam a22001337a 4500
008
180807b xxu||||| |||| 00| 0 eng d
082
_a
813.52
245
_a
Fundamental accounting principlrs
_c
FOLK.J.M
260
_c
2002
300
_a
1
_f
CD
440
_x
9780072464603
760
_b
16 th
942
_2
ddc
_c
MX
999
_c
46923
_d
46923